[Event "PAR-ch U20"]
[Site "Asuncion"]
[Date "2016.03.12"]
[Round "4.3"]
[White "Avalos, Rosana"]
[Black "Aguero Centurio, Abel Alejandro"]
[Result "0-1"]
[WhiteElo "1557"]
[BlackElo "1745"]
[PlyCount "116"]
[EventDate "2016.03.11"]
[EventType "swiss"]
[EventRounds "7"]
[EventCountry "PAR"]
[SourceTitle "EXT 2023"]
[Source "ChessBase"]
[SourceDate "2022.10.05"]
[SourceVersion "1"]
[SourceVersionDate "2022.10.05"]
[SourceQuality "1"]

1. e4 Nc6 2. Nf3 d6 3. d4 Bg4 4. Be2 Nf6 5. Nc3 e6 6. Bg5 Be7 7. h3 Bh5 8. Qd2 Bg6 9. e5 dxe5 10. Bb5 exd4 11. Nxd4 0-0 12. Nxc6 Qxd2+ 13. Bxd2 bxc6 14. Bxc6 Rab8 15. b3 Rb6 16. Bf3 Rd8 17. Bf4 e5 18. Be3 Bb4 19. Bd2 Rbd6 20. a3 Bc5 21. Be3 Bxe3 22. fxe3 Bxc2 23. 0-0 e4 24. Be2 Bxb3 25. Rab1 Be6 26. Nb5 Rd2 27. Rfd1 Rxd1+ 28. Rxd1 Rxd1+ 29. Bxd1 Nd5 30. Kf2 a6 31. Nd4 Nc3 32. Bc2 Bd5 33. Kg3 g5 34. h4 h6 35. hxg5 hxg5 36. Kg4 f6 37. Kf5 Kf7 38. Bb3 c6 39. Kg4 Bxb3 40. Nxb3 Nd5 41. Kg3 Nxe3 42. Nc5 Nf5+ 43. Kf2 Nd6 44. Nxa6 Ke6 45. Nb4 c5 46. Nc2 Ke5 47. a4 Nc4 48. Na1 Na5 49. Nc2 f5 50. Ne3 c4 51. Ke2 f4 52. Ng4+ Kd4 53. Nf2 c3 54. Kd1 Nb3 55. Nh3 Kd3 56. Nf2+ Ke3 57. Nh3 f3 58. gxf3 exf3 0-1

[Event "PAR-ch U20"]
[Site "Asuncion"]
[Date "2016.03.12"]
[Round "2.4"]
[White "Avalos, Rosana"]
[Black "Avalos Arguello, Jose Mathias"]
[Result "1/2-1/2"]
[WhiteElo "1557"]
[BlackElo "1713"]
[PlyCount "74"]
[EventDate "2016.03.11"]
[EventType "swiss"]
[EventRounds "7"]
[EventCountry "PAR"]
[SourceTitle "EXT 2023"]
[Source "ChessBase"]
[SourceDate "2022.10.05"]
[SourceVersion "1"]
[SourceVersionDate "2022.10.05"]
[SourceQuality "1"]

1. e4 c5 2. Nf3 e6 3. d4 cxd4 4. Nxd4 Nc6 5. Nc3 Qc7 6. Be3 a6 7. Be2 Nf6 8. Qd2 Nxd4 9. Bxd4 Bc5 10. 0-0 d6 11. Bxc5 dxc5 12. Rad1 0-0 13. Qe3 b6 14. Bf3 Bb7 15. Ne2 Rad8 16. Rxd8 Rxd8 17. Ng3 a5 18. Rd1 h6 19. h3 Rxd1+ 20. Bxd1 Qd7 21. Bf3 Qa4 22. Qb3 Qxb3 23. axb3 Ba6 24. Nh5 Nxh5 25. Bxh5 Bb7 26. Bf3 Kf8 27. Kf1 Ba6+ 28. c4 Ke7 29. Ke2 e5 30. g4 f6 31. Ke3 Bb7 32. Be2 g5 33. f3 Ke6 34. Bd3 Ke7 35. Be2 Ke6 36. Bd3 Ke7 37. Be2 Ke6 1/2-1/2

[Event "PAR-ch (Women)"]
[Site "Asuncion"]
[Date "2015.11.29"]
[Round "9"]
[White "Avalos, Rosana"]
[Black "Sanchez Morel, Araceli"]
[Result "1/2-1/2"]
[WhiteElo "1560"]
[BlackElo "1247"]
[PlyCount "26"]
[EventDate "2015.11.21"]
[EventType "tourn"]
[EventRounds "9"]
[EventCountry "PAR"]
[SourceTitle "CBM 169 Extra"]
[Source "ChessBase"]
[SourceDate "2015.12.18"]
[SourceVersion "1"]
[SourceVersionDate "2015.12.18"]
[SourceQuality "1"]

1. e4 e5 2. Nf3 Nc6 3. Bc4 Bc5 4. c3 Nf6 5. d4 exd4 6. cxd4 Bb6 7. Nc3 Na5 8. Bd3 0-0 9. 0-0 Re8 10. Re1 d6 11. h3 Nc6 12. Bb5 Bd7 13. Bg5 Ne7 1/2-1/2

[Event "PAR-ch (Women)"]
[Site "Asuncion"]
[Date "2015.11.22"]
[Round "4"]
[White "Avalos, Rosana"]
[Black "Rodriguez, Camila"]
[Result "0-1"]
[WhiteElo "1560"]
[BlackElo "1428"]
[PlyCount "96"]
[EventDate "2015.11.21"]
[EventType "tourn"]
[EventRounds "9"]
[EventCountry "PAR"]
[SourceTitle "CBM 169 Extra"]
[Source "ChessBase"]
[SourceDate "2015.12.18"]
[SourceVersion "1"]
[SourceVersionDate "2015.12.18"]
[SourceQuality "1"]

1. e4 e6 2. d4 d5 3. exd5 exd5 4. c4 Nf6 5. Bg5 Be7 6. Nc3 c6 7. Nf3 0-0 8. Be2 Bf5 9. cxd5 cxd5 10. 0-0 Nc6 11. Rc1 Rc8 12. Ne5 Re8 13. Re1 Ne4 14. Bxe7 Rxe7 15. Nxe4 Bxe4 16. Bg4 Rcc7 17. f3 Nxe5 18. Rxc7 Rxc7 19. dxe5 Bc2 20. Qd4 h6 21. Qxa7 d4 22. Qa5 d3 23. Qd2 Re7 24. f4 Qd4+ 25. Kf1 Qxb2 26. Bf5 Qb5 27. Kf2 f6 28. a4 Qxa4 29. Bxd3 Bxd3 30. Qxd3 Qxf4+ 31. Kg1 fxe5 32. Qd8+ Qf8 33. Qd5+ Qf7 34. Qd8+ Re8 35. Qd3 Kh8 36. Rf1 Qe7 37. Qe4 Qc5+ 38. Kh1 b5 39. Rb1 Qc4 40. Qg6 Rf8 41. Rg1 Rf1 42. Qe8+ Kh7 43. Qxe5 Rxg1+ 44. Kxg1 b4 45. Qf5+ Kg8 46. Qe5 b3 47. Qb8+ Kh7 48. Qb7 Qc2 0-1

[Event "PAR-ch (Women)"]
[Site "Asuncion"]
[Date "2015.11.22"]
[Round "5"]
[White "Perez, Dalila"]
[Black "Avalos, Rosana"]
[Result "0-1"]
[WhiteElo "1828"]
[BlackElo "1560"]
[PlyCount "62"]
[EventDate "2015.11.21"]
[EventType "tourn"]
[EventRounds "9"]
[EventCountry "PAR"]
[SourceTitle "CBM 169 Extra"]
[Source "ChessBase"]
[SourceDate "2015.12.18"]
[SourceVersion "1"]
[SourceVersionDate "2015.12.18"]
[SourceQuality "1"]

1. d4 Nf6 2. c4 g6 3. Nc3 Bg7 4. e4 d6 5. f4 Nbd7 6. Be2 e5 7. dxe5 dxe5 8. fxe5 Nxe5 9. Qxd8+ Kxd8 10. Bg5 c6 11. 0-0-0+ Kc7 12. Bf4 Re8 13. Nf3 Nfg4 14. Rhf1 Bh6 15. Bxh6 Nxh6 16. Ng5 Bg4 17. Bxg4 Nhxg4 18. Nxf7 Nxc4 19. Rd4 Nge3 20. Rf3 c5 21. Nd5+ Nxd5 22. Rxd5 Rxe4 23. Rxc5+ Kb6 24. b4 a6 25. Rf6+ Ka7 26. b5 Rae8 27. bxa6 Re1+ 28. Kc2 R8e2+ 29. Kb3 Nd2+ 30. Ka3 Ne4 31. axb7 Nxc5 0-1